Astronomy and astrophysics for the 1980's (Record no. 8134)

MARC details
000 -LEADER
fixed length control field 00624nam a2200193Ia 4500
003 - CONTROL NUMBER IDENTIFIER
control field IN-BaIIA
008 - FIXED-LENGTH DATA ELEMENTS--GENERAL INFORMATION
fixed length control field 211028s9999 xx 000 0 eng d
020 ## - INTERNATIONAL STANDARD BOOK NUMBER
International Standard Book Number 0-309-03334-9
040 ## - CATALOGING SOURCE
Transcribing agency IIA Library
080 ## - UNIVERSAL DECIMAL CLASSIFICATION NUMBER
Universal Decimal Classification number 52(047)"1980"
Item number NRC-2
110 ## - MAIN ENTRY--CORPORATE NAME
Corporate name or jurisdiction name as entry element United States. National Research Council
9 (RLIN) 489
245 #0 - TITLE STATEMENT
Title Astronomy and astrophysics for the 1980's
Statement of responsibility, etc. National Research Council
260 ## - PUBLICATION, DISTRIBUTION, ETC.
Place of publication, distribution, etc. Washington
Name of publisher, distributor, etc. National Academy Press
Date of publication, distribution, etc. 1983
300 ## - PHYSICAL DESCRIPTION
Extent xxi, 441p.
650 ## - SUBJECT ADDED ENTRY--TOPICAL TERM
Topical term or geographic name entry element Astronomy
9 (RLIN) 80
650 ## - SUBJECT ADDED ENTRY--TOPICAL TERM
Topical term or geographic name entry element Astronomy and astrophysics thesaurus
650 ## - SUBJECT ADDED ENTRY--TOPICAL TERM
Topical term or geographic name entry element Astrophysics
9 (RLIN) 794
942 ## - ADDED ENTRY ELEMENTS (KOHA)
Koha item type Books
952 ## - LOCATION AND ITEM INFORMATION (KOHA)
-- 30.25
Holdings
Withdrawn status Lost status Damaged status Not for loan Home library Current library Shelving location Date acquired Total Checkouts Full call number Barcode Date last seen Price effective from Koha item type
        IIA Library-Bangalore IIA Library-Bangalore General Stacks 13/03/1985   52(047)"1980"/ NRC-2 8972 05/11/2021 13/03/1985 Books

Powered by Koha